Towards sociology of dalits / (Record no. 5904)
[ view plain ]
| 000 -LEADER | |
|---|---|
| fixed length control field | 00560cam a22002058i 4500 |
| 001 - CONTROL NUMBER | |
| control field | 17970993 |
| 005 - DATE AND TIME OF LATEST TRANSACTION | |
| control field | 20240614053223.0 |
| 008 - FIXED-LENGTH DATA ELEMENTS--GENERAL INFORMATION | |
| fixed length control field | 131213s2013 ii b 001 0 eng |
| 020 ## - INTERNATIONAL STANDARD BOOK NUMBER | |
| ISBN | 9788132113799 (hardback : alk. paper) |
| 040 ## - CATALOGING SOURCE (பட்டியலாக்க மூலம்) | |
| Original cataloging agency | DLC |
| Language of cataloging | eng |
| Transcribing agency | DLC |
| Description conventions | rda |
| 082 00 - DDC Classification | |
| Class No. | 305.5/6880954 |
| DDC Edition Number | 23 |
| Item Number - Author Mark | TOW |
| 245 00 - TITLE STATEMENT | |
| Title | Towards sociology of dalits / |
| 260 ## - PUBLICATION, DISTRIBUTION, ETC. | |
| Place of publication, distribution, etc. | New Delhi |
| Name of publisher, distributor, etc. | SAGE Publications |
| Date of publication, distribution, etc. | 2014 |
| 300 ## - PHYSICAL DESCRIPTION | |
| Extent (e.g. Volumes, Pages etc.) | lx, 211 p ., |
| 490 0# - SERIES STATEMENT | |
| Series statement | Readings in Indian sociology ; |
| 650 #0 - SUBJECT ADDED ENTRY--TOPICAL TERM | |
| Topical term or geographic name entry element | Dalits |
| 650 #0 - SUBJECT ADDED ENTRY--TOPICAL TERM | |
| Topical term or geographic name entry element | Caste |
| 700 1# - ADDED ENTRY--PERSONAL NAME | |
| Personal name | Judge, Paramjit S. |
| Relator term (Role) | Editor |
| 942 ## - Koha item type (Biblio) | |
| Koha item type | Books in Stacks (Lending) |
| Lost status | Damaged status | Collection code | Home library | Current library | Date acquired | Full call number | Accession Number | Item type |
|---|---|---|---|---|---|---|---|---|
| Lending | WERC Library | WERC Library | 06/14/2024 | 305.5/6880954 TOW | 7049 | Books in Stacks (Lending) |
